Fatömegszámítási táblázatok /
Uložené v:
| Hlavný autor: | |
|---|---|
| Médium: | Kniha |
| Jazyk: | Hungarian |
| Vydané: |
Budapest :
Mezőgazdasági Kiadó,
1970.
|
| ISBN: |
(viaz.) |
| Fyzický popis: |
361 s. : il. ; 19 cm. |
| Tagy: |
Pridať tag
Žiadne tagy, Buďte prvý kto otaguje tento záznam!
|
Titul je dostupný aj v ... 

MARC
| LEADER | 00000nam a2200000 4500 | ||
|---|---|---|---|
| 001 | 000410079 | ||
| 005 | 20121113202329.0 | ||
| 008 | 120521s1970 hu 000 0 hun d | ||
| 020 | |a (viaz.) |c Kčs 41,00 | ||
| 040 | |a SVKKK |b slo |c SVKKK |e AACR2 | ||
| 041 | |a hun | ||
| 044 | |a hu |c HU | ||
| 100 | 1 | |a Sopp, László |d 1912- |4 aut | |
| 245 | 1 | 0 | |a Fatömegszámítási táblázatok / |c László Sopp. |
| 260 | |a Budapest : |b Mezőgazdasági Kiadó, |c 1970. | ||
| 300 | |a 361 s. : |b il. ; |c 19 cm. | ||
| 504 | |a Bibliografia: s. 353-357 | ||
| 910 | |a svkkk | ||
| 998 | |a BK | ||
| 090 | |g SCKHL |k Sklad Hlavná 10 suterén |a I.38095 |j 440016 |i 2720629212 |s Absenčne | ||